মিন্না নো নিহোঙ্গো রেনশু : (প্র্যাকটিস বা অনুশীলন A,B,C এবং কথোপকথন বাংলা অর্থসহ) Level N4 /

みんなの日本語の れんしゅう: (練習A、B、Cとベンガル語の意味を含んだ会話)Level N4
Bibliografiske detaljer
Andre forfattere: সেনসেই, আসলাম আহমেদ, [translator]
Format: Bog
Sprog:Bengali
Japanese
Udgivet: ২০২৪. ঢাকা : সাকিব বুক সেন্টার,
Fag:
Classic Catalogue: View this record in Classic Catalogue
LEADER 04118nam a22004097a 4500
001 44789
003 BD-DhAAL
005 20251120135139.0
008 250914t2024 bg a|||| |||| 00| 0 ben d
040 |a BD-DhAAL  |c BD-DhAAL 
041 |a jpn  |a ben  |h jpn 
082 |a 495.65  |2 23 
245 |6 880-1  |a মিন্না নো নিহোঙ্গো রেনশু :  |b (প্র্যাকটিস বা অনুশীলন A,B,C এবং কথোপকথন বাংলা অর্থসহ) Level N4 /  |c আসলাম আহমেদ সেনসেই অনূদিত. 
246 |a Minna no nihongo no renshuu 
246 |a Minna no nihongo no renshuu grammar A, B, C, kaiwa (বাংলা অর্সহ) level - N4 
260 |b ঢাকা :  |c সাকিব বুক সেন্টার,  |a ২০২৪. 
300 |a ২৮৯ পৃষ্ঠা :  |b চিত্র ;  |c ২৪ সে.মি. 
500 |a সবার জাপানিজ ভাষার অনুশীলন 
500 |a みんなの日本語の日本語 Grammar, れんしゅうA, B, C (বাংলা অর্থসহ) Level -N4 = Minna no nihago no renshuu N4. 
505 |a N4- Lessons 26-50(Reading comprehension text = 25 topics that beginners can read) 
526 |a Hye Trade Internation  |x Annajiat Alim Rasel Senior Lecturer Department of Computer Science & Engineering Course Name and No: Japanese Language and General for ITEE (JPN 101) 
541 |e 44789, 44790, 44791, 44792, 44793 
546 |a In Japanese with Bengali translations. 
650 |a Japanese language  |x Grammar.  |9 59307 
650 |a Japanese language  |x Problems, exercises, etc.  |9 59826 
650 |a Japanese language  |x Translating into Bengali.  |9 59306 
650 |a Japanese language  |x Study and teaching  |v Textbooks for foreign speakers.  |9 59310 
700 |a সেনসেই, আসলাম আহমেদ,  |d [translator]  |9 59308 
852 |a Ayesha Abed Library  |c General Stacks 
880 |6 245-1  |a みんなの日本語の れんしゅう:  |b (練習A、B、Cとベンガル語の意味を含んだ会話)Level N4 
942 |2 ddc  |c BK 
999 |c 47467  |d 47467 
952 |0 0  |1 0  |2 ddc  |4 0  |6 495_650000000000000_MIN  |7 0  |9 78171  |a BRACUL  |b BRACUL  |c GEN  |d 2025-09-08  |e Hye Trade International  |g 496.00  |l 0  |o 495.65 MIN  |p 3010044790  |r 2025-09-08  |t 2  |v 938.00  |w 2025-09-08  |y BK  |x Requisitioned by Annajiat Alim Rasel (Senior Lecturer, Department of Computer Science and Engineering, BRAC University) for the course named - 'Japanese Language and General for ITEE (JPN 101)' 
952 |0 0  |1 0  |2 ddc  |4 0  |6 495_650000000000000_MIN  |7 0  |9 78172  |a BRACUL  |b BRACUL  |c NEW  |d 2025-09-08  |e Hye Trade International  |g 496.00  |l 1  |o 495.65 MIN  |p 3010044789  |r 2025-11-05  |s 2025-10-28  |t 1  |v 938.00  |w 2025-09-08  |y BK  |x Requisitioned by Annajiat Alim Rasel (Senior Lecturer, Department of Computer Science and Engineering, BRAC University) for the course named - 'Japanese Language and General for ITEE (JPN 101)' 
952 |0 0  |1 0  |2 ddc  |4 0  |6 495_650000000000000_MIN  |7 0  |9 78173  |a BRACUL  |b BRACUL  |c GEN  |d 2025-09-08  |e Hye Trade International  |g 496.00  |l 0  |o 495.65 MIN  |p 3010044792  |r 2025-09-08  |t 4  |v 938.00  |w 2025-09-08  |y BK  |x Requisitioned by Annajiat Alim Rasel (Senior Lecturer, Department of Computer Science and Engineering, BRAC University) for the course named - 'Japanese Language and General for ITEE (JPN 101)' 
952 |0 0  |1 0  |2 ddc  |4 0  |6 495_650000000000000_MIN  |7 0  |9 78174  |a BRACUL  |b BRACUL  |c GEN  |d 2025-09-08  |e Hye Trade International  |g 496.00  |l 0  |o 495.65 MIN  |p 3010044791  |r 2025-09-08  |t 3  |v 938.00  |w 2025-09-08  |y BK  |x Requisitioned by Annajiat Alim Rasel (Senior Lecturer, Department of Computer Science and Engineering, BRAC University) for the course named - 'Japanese Language and General for ITEE (JPN 101)' 
952 |0 0  |1 0  |2 ddc  |4 0  |6 495_650000000000000_MIN  |7 0  |9 78175  |a BRACUL  |b BRACUL  |c GEN  |d 2025-09-08  |e Hye Trade International  |g 496.00  |l 0  |o 495.65 MIN  |p 3010044793  |r 2025-09-08  |t 5  |v 938.00  |w 2025-09-08  |y BK  |x Requisitioned by Annajiat Alim Rasel (Senior Lecturer, Department of Computer Science and Engineering, BRAC University) for the course named - 'Japanese Language and General for ITEE (JPN 101)'